000 00481nam a22001817a 4500
005 20251108164806.0
008 250721s1966 xx 000 0 ara d
082 1 4 _a810.4/ميخ
100 1 _aنعيمه، ميخائيل
245 1 0 _aزاد المعاد /
250 _aط4.
264 1 _aبيروت :
_bدار صادر،
_c1966.
300 _a149ص
650 1 7 _aالأدب العربي
650 1 7 _aالمقالات الأدبية
942 _2ddc
_cBK
999 _c14459
_d14459